000
00251nam a22001217a 4500
040
_c
HS
082
_a
338
100
_a
NA
245
_a
Rural entrepreneurship and innnovative leadership
260
_a
America
_b
NA
_c
2000
300
_a
31p;
942
_c
EK
999
_c
9721
_d
9721